| 000 | 00841nam a22002417a 4500 | ||
|---|---|---|---|
| 999 |
_c5987 _d5987 |
||
| 003 | AR-CdUCM | ||
| 008 | 190313b ||||| |||| 00| 0 spa d | ||
| 040 |
_aMUNICIPALIDAD PROVINCIAL DEL CUSCO _cBIBLIOTECA MUNICIPAL DEL CUSCO |
||
| 082 |
_a986 / _bC512 |
||
| 100 |
_aChávez Franco, Modesto _917536 |
||
| 245 | _aCrónicas del Guayaquil antiguo / | ||
| 260 |
_aGuayaquil : _bAriel, |
||
| 300 |
_a213 páginas ; _c18 cm. |
||
| 440 |
_aClásicos Ariel _n41 _917537 |
||
| 500 | _aDonación de la familia Nieto | ||
| 505 | _aContenido: Retrovivamos cuatro siglos -- El nombre de nuestra ciudad -- Las fundaciones de Guayaquil ... | ||
| 650 |
_aGuayaquil _917538 |
||
| 650 |
_aEcuador _910121 |
||
| 650 |
_aHistoria de Ecuador _97286 |
||
| 700 |
_aDiaz Ycaza, Rafael (supervisión editorial) _917539 |
||
| 942 |
_2ddc _cLIBROS |
||
| 945 | _acmm | ||